| 000 | 00877nam a22001937a 4500 | ||
|---|---|---|---|
| 999 |
_c6660 _d6660 |
||
| 003 | AR-CdUCM | ||
| 008 | 190318b ||||| |||| 00| 0 spa d | ||
| 040 |
_aMUNICIPALIDAD PROVINCIAL DEL CUSCO _cBIBLIOTECA MUNICIPAL DEL CUSCO |
||
| 082 |
_a985.05 / _bCH61 |
||
| 100 |
_aChirinos Soto, Enrique _98275 |
||
| 245 |
_aHistoria de la república : _b1821 - 1930 / |
||
| 260 |
_aLima : _bImportadores, |
||
| 300 |
_a2 tomos ; _c21 cm. |
||
| 505 | _aContenido :t.1. Desde san Martín hasta Ayacucho -- Desde Bolívar hasta Santa Cruz -- La confederación Perú . Boliviana -- Ramón Castilla -- La guerra con España -- t.2 El oncenio (1919-1930) -- Los años terribles -- Desde Benavides hasta Odria -- Intermedio democrático -- Revolución y restauración ... | ||
| 650 |
_aHistoria republicana _95663 |
||
| 650 |
_aHistoria del Perú _9259 |
||
| 942 |
_2ddc _cLIBROS |
||
| 945 | _arum | ||